000 00767 a2200217 4500
001 63182
005 20260407155927.0
008 260407a2005 arg spa d
003 AR-UNSa-BCEJYS
040 _aAR-UNSa-BCEJYS
_bspa
_cAR-UNSa-BCEJYS
080 _a316.421:339.9
_xOrigen de las sociedades globales y estructura social, económico, político y cultural (Globalización)
245 1 0 _aLa globalización y la agenda argentina de comercio exterior
_pEvolución y desafíos
020 _a978-987-1171-28-6
264 1 _aBahía Blanca :
_bUniversidad Nacional del Sur
_c2005
300 _a148 p.
_c21 cm.
041 _aspa
942 _cBK
590 _aniveau_biblio:m niveau_hierar:0
100 1 _aSchmidt, Gabriela
700 1 _aGutiérrez, Ricardo Raúl
999 _c8023
_d8023